00662nam a2200229 a 4500001001300000003000900013005001700022008004100039020000800080082001300088100001400101245006800115260002900183300000900212500003500221505004100256700001400297902000800311942000700319952009100326999001500417nice12345678IN_TiNIC20260116011939.0050524s1942 lona grp 000 0 eng  ac000a201bKEP aKeppel, L aChrist`s Appeal for Loveb to His Humble Servant Josefa Menedez aLondonbSt.Glasgowc1942 a176p aincludes index and biblioraphy2 awith a forward by fr.bernard vaughan1 aKeppel, L bSRS cBK 00104070aHMIbHMId2005-05-24g0.00l0o201 KEPp5542r2005-05-24w2026-01-16yARB c5014d5014